Tous les joueurs ayant joué en VCL France - Statistics

General Stats
  • This quiz has been taken 54 times
    52 since last reset
  • The average score is 62 of 176
Answer Stats
Year Nationality Team(s) Answer % Correct
2022 / 2023 / 2024 / 2026 fr.webp 6466d79e1ed40.png 61be14c08f001.png 695c961fbab82.png 655b561ac3306.png 695c961fbab82.png Kada
88%
2022 / 2023 / 2026 fr.webp 6466d79e1ed40.png 63bd5415b5b84.png 6670153fa9120.png 695c961fbab82.png nataNk
84%
2022 / 2023 / 2025 / 2026 fr.webp 627403a0d9e48.png 63bd5415b5b84.png 6670153fa9120.png 655b561ac3306.png 695c961fbab82.png TakaS
84%
2023 fr.webp 63bd5415b5b84.png 6670153fa9120.png beyAz
80%
2025 / 2026 fr.webp 695c961fbab82.png 63a944e6cbe49.png Enzo
80%
2022 / 2025 / 2026 fr.webp 6287261b5d30b.png 627403a0d9e48.png 655b561ac3306.png 6466d79e1ed40.png 63a944e6cbe49.png 695c961fbab82.png sh1n
80%
2022 / 2023 / 2025 fr.webp 61be14c08f001.png 63bd5415b5b84.png 6670153fa9120.png 655b561ac3306.png 6466d79e1ed40.png logaN
76%
2022 / 2024 / 2025 / 2026 fr.webp 678fd74d8cf14.png 627403a0d9e48.png 63a944e6cbe49.png 695c961fbab82.png 695c9e032e21a.png mikee
76%
2024 / 2025 / 2026 pl.webp 635b8c71e318f.png 63a944e6cbe49.png UNFAKE
76%
2022 / 2025 / 2026 fr.webp 678fd74d8cf14.png 662898a4036c4.png 695c9c861fe80.png Yuta
76%
2022 / 2023 / 2024 / 2025 / 2026 fr.webp 695c961fbab82.png 63a944e6cbe49.png 695c9e032e21a.png AKUMAAAAA
72%
2024 / 2025 / 2026 fr.webp 655b561ac3306.png 695c961fbab82.png 695c9e032e21a.png keloqz
72%
2022 / 2024 / 2026 fr.webp 678fd74d8cf14.png 627403a0d9e48.png 655b561ac3306.png 695c9e032e21a.png Newzera
72%
2026 fr.webp 695c9ea11ea86.png TITOUNE
72%
2022 / 2023 / 2024 fr.webp 695c961fbab82.png 63bd5415b5b84.png 6670153fa9120.png 642aa6240dae6.png APO
64%
2023 / 2024 / 2025 fr.webp 63a53368d2675.png 695c961fbab82.png 63a944e6cbe49.png CyvOph
64%
2022 / 2026 hr.webp 626ab49e6c7f1.png 63a944e6cbe49.png doma
64%
2022 / 2023 / 2024 / 2025 fr.webp 695c961fbab82.png HyP
64%
2026 mk.webp 63a944e6cbe49.png runneR
64%
2025 md.webp 655b561ac3306.png 6466d79e1ed40.png Sayonara
64%
2026 lt.webp 695c9c861fe80.png 77even
60%
2025 / 2026 ru.webp 63a944e6cbe49.png chiwa
60%
2024 / 2026 pl.webp 63a944e6cbe49.png kamyk
60%
2023 / 2024 / 2025 / 2026 fr.webp 635b8c71e318f.png 655b561ac3306.png 6466d79e1ed40.png 695c9ea11ea86.png lux9
60%
2022 / 2023 / 2026 fr.webp 621c977d64183.png 63c7032bf00b6.png 63a944e6cbe49.png 695c9ea11ea86.png nAyte
60%
2023 fr.webp 63bd5415b5b84.png 6670153fa9120.png Wailers
60%
2023 / 2024 / 2026 jp.webp 63c4317bb74a6.png 6599526db80f1.png 6908c78df288d.png Yotaa
60%
2022 / 2026 pl.webp 6466d79e1ed40.png 695c9a43ce06e.png baddyG
56%
2022 / 2026 fi.webp 6466d79e1ed40.png 695c9c861fe80.png H1ber
56%
2023 / 2024 / 2025 cz.webp 63a53368d2675.png 63a944e6cbe49.png Jesse
56%
2022 / 2023 / 2024 / 2026 ie.webp 61be14c08f001.png 642aa6240dae6.png 655b561ac3306.png 695c9e032e21a.png juseu
56%
2022 / 2023 / 2024 fr.webp 621c977d64183.png 63a944e6cbe49.png 63c4317bb74a6.png 6599526db80f1.png Killu
56%
2025 / 2026 tr.webp 652e930a3b8c2.png 685e4a85e9158.png 6873c999c300f.png Kipperman
56%
2023 / 2024 / 2025 / 2026 gb.webp 678fd74d8cf14.png 642aa6240dae6.png 627403a0d9e48.png 695c961fbab82.png Sevire
56%
2023 / 2024 / 2025 fr.webp 635b8c71e318f.png 63a53368d2675.png Veqaj
56%
2024 / 2025 / 2026 fr.webp 662898a4036c4.png 627403a0d9e48.png 695c9e032e21a.png Yohpa
56%
2025 / 2026 ma.webp 67d238ec97f91.png 63a53368d2675.png 695c9a43ce06e.png hAwksinho
52%
2025 / 2026 fr.webp Hide on Bush 6908c78df288d.png Ktori
52%
2024 / 2025 / 2026 fr.webp 662898a4036c4.png 695c9c861fe80.png NowaXxZang
52%
2025 / 2026 lt.webp 63a53368d2675.png 695c9a43ce06e.png roxie
52%
2025 / 2026 ee.webp 63a944e6cbe49.png 63a53368d2675.png 695c9a43ce06e.png wackie
52%
2023 / 2024 / 2025 fr.webp 635b8c71e318f.png Babax
48%
2022 / 2023 / 2024 fr.webp 6466d79e1ed40.png 61be14c08f001.png 635b8c71e318f.png 6599526db80f1.png bramz
48%
2025 es.webp 627403a0d9e48.png ease
48%
2026 fi.webp 695c9c861fe80.png hoody
48%
2022 / 2024 / 2025 be.webp 6287261b5d30b.png 642aa6240dae6.png 67d238ec97f91.png 6873c999c300f.png iDex
48%
2025 / 2026 fr.webp 67d238ec97f91.png 6908c7626bda7.png 6873c999c300f.png izana
48%
2023 / 2024 nl.webp 678fd74d8cf14.png 63a944e6cbe49.png MAGiK
48%
2022 / 2023 / 2024 fr.webp 6287261b5d30b.png 63a944e6cbe49.png 655b561ac3306.png MARCTYLINHO
48%
2025 / 2026 fr.webp 6873c999c300f.png 695c9e032e21a.png poeth
48%
2025 ru.webp 63a944e6cbe49.png purp0
48%
2025 pl.webp 63a944e6cbe49.png starxo
48%
2022 / 2023 / 2024 / 2025 fr.webp 63b56ed523324.png 695c961fbab82.png 635b8c71e318f.png thebigfiz
48%
2022 / 2024 fr.webp 626ab49e6c7f1.png 655b561ac3306.png xms
48%
2022 / 2023 dz.webp 627403a0d9e48.png 642aa6240dae6.png Amilwa
44%
2025 / 2026 fr.webp 67d238ec97f91.png 6908c78df288d.png askoo
44%
2026 tr.webp 6873c999c300f.png DeepMans
44%
2026 lt.webp 6873c999c300f.png Destrian
44%
2025 ru.webp 627403a0d9e48.png f4ngeer
44%
2023 / 2024 / 2025 gb.webp 678fd74d8cf14.png 655b561ac3306.png 6466d79e1ed40.png Foxie
44%
2026 pl.webp 695c9a43ce06e.png krejz
44%
2025 / 2026 fr.webp 67d238ec97f91.png 6908c7626bda7.png nysHAA
44%
2022 / 2023 / 2024 fr.webp 61be14c08f001.png 63a944e6cbe49.png 662898a4036c4.png rodeN
44%
2024 / 2025 / 2026 fr.webp 6599526db80f1.png 627403a0d9e48.png 695c9ea11ea86.png soren
44%
2025 / 2026 nl.webp 652e930a3b8c2.png 685e4a85e9158.png 6873c999c300f.png Tenshi
44%
2025 / 2026 fr.webp Hide on Bush 695c9e032e21a.png Ao
40%
2022 / 2023 / 2024 / 2025 fr.webp 6287261b5d30b.png 695c961fbab82.png 63a53368d2675.png Goaster
40%
2023 tr.webp 678fd74d8cf14.png hiro
40%
2022 fr.webp 695c961fbab82.png Jbzz
40%
2023 / 2025 / 2026 be.webp 63c7032bf00b6.png 652e930a3b8c2.png 685e4a85e9158.png 6873c999c300f.png poegii
40%
2024 nl.webp 63a944e6cbe49.png RobbieBk
40%
2026 fr.webp 6908c7626bda7.png robz
40%
2025 / 2026 tr.webp 652e930a3b8c2.png 685e4a85e9158.png 6873c999c300f.png Rouss
40%
2023 / 2024 fr.webp 63a944e6cbe49.png 695c961fbab82.png SoOn
40%
2023 / 2024 / 2025 fr.webp 63a944e6cbe49.png 655b561ac3306.png 635b8c71e318f.png YAYAX
40%
2025 ru.webp 63a53368d2675.png Anq
36%
2022 lt.webp 6466d79e1ed40.png ceNder
36%
2022 fr.webp 695c961fbab82.png CREA
36%
2025 nl.webp 652e930a3b8c2.png kpro
36%
2022 pt.webp 6287261b5d30b.png LohaN
36%
2026 fr.webp 6908c7626bda7.png Pitou
36%
2023 / 2024 cz.webp 63a53368d2675.png Sacake
36%
2022 fi.webp 6466d79e1ed40.png BONECOLD
32%
2022 fr.webp 678fd74d8cf14.png Fatiiih
32%
2022 fr.webp 695c961fbab82.png hoppY
32%
2024 / 2025 ru.webp 635b8c71e318f.png 63a53368d2675.png Jady
32%
2025 fr.webp 63a53368d2675.png 6873c999c300f.png Juskay
32%
2023 / 2024 be.webp 625b9429b5069.png 642aa6240dae6.png Kinguyen
32%
2022 / 2025 / 2026 fr.webp 621c977d64183.png Hide on Bush 695c9ea11ea86.png NRK
32%
2022 tr.webp 678fd74d8cf14.png RieNs
32%
2023 / 2024 fr.webp 63b56ed523324.png 6599526db80f1.png TiduS
32%
2026 fr.webp 6908c7626bda7.png Tommy
32%
2022 / 2023 fr.webp 621c977d64183.png 625b9429b5069.png 642aa6240dae6.png b2kk
28%
2022 pt.webp 61be14c08f001.png Fizzy
28%
2024 pl.webp 63a944e6cbe49.png jas
28%
2025 fr.webp 6873c999c300f.png kurotchi
28%
2022 gb-eng.webp 63b56ed523324.png Leare
28%
2022 / 2023 fr.webp 621c977d64183.png 602ab8b8cc70b.png 63a53368d2675.png LeeN
28%
2025 / 2026 fr.webp Hide on Bush 6908c78df288d.png Lucio
28%
2023 / 2024 / 2025 fr.webp 63c4317bb74a6.png 6599526db80f1.png 662898a4036c4.png MateliaN
28%
2023 / 2025 fr.webp 63b56ed523324.png 63c4317bb74a6.png 635b8c71e318f.png Ooriime
28%
2023 nl.webp 63c7032bf00b6.png q
28%
2024 / 2025 ru.webp 662898a4036c4.png 695c9c861fe80.png Sp1ke
28%
2024 hu.webp 655b561ac3306.png szimpli
28%
2024 cz.webp 63a53368d2675.png Ambi
24%
2025 fr.webp 6873c999c300f.png Helas
24%
2025 / 2026 be.webp 685e4a85e9158.png 6873c999c300f.png JohnieBoy
24%
2025 fr.webp 6873c999c300f.png Lazare
24%
2026 fr.webp 6908c78df288d.png lowless
24%
2024 fr.webp 65bcd114c4afa.png Marin
24%
2023 fr.webp 625b9429b5069.png 642aa6240dae6.png memset
24%
2022 / 2023 / 2024 / 2025 fr.webp 621c977d64183.png 63a53368d2675.png NeskaaS
24%
2022 pt.webp 6287261b5d30b.png OLIZERA
24%
2022 / 2023 / 2024 fr.webp 602ab8b8cc70b.png 63b56ed523324.png 6599526db80f1.png OniBy
24%
2023 fr.webp 6599526db80f1.png Road
24%
2026 ua.webp 695c9a43ce06e.png troizyy
24%
2022 / 2023 fr.webp 621c977d64183.png 6599526db80f1.png 10K
20%
2025 fr.webp Hide on Bush Akio
20%
2024 / 2025 nl.webp 65bcd114c4afa.png 695c9c861fe80.png Apyr
20%
2024 ru.webp 63a53368d2675.png d3ffo
20%
2022 / 2023 be.webp 63b56ed523324.png 63c4317bb74a6.png Davidp
20%
2022 / 2023 fr.webp 678fd74d8cf14.png 63c4317bb74a6.png Dawn
20%
2023 lt.webp 678fd74d8cf14.png hype
20%
2022 / 2023 fr.webp 6287261b5d30b.png 602ab8b8cc70b.png 63b56ed523324.png KONEQT
20%
2022 be.webp 621c977d64183.png LowaN
20%
2023 gb-sct.webp 678fd74d8cf14.png PAL
20%
2022 / 2025 fi.webp 626ab49e6c7f1.png 695c9c861fe80.png Polvi
20%
2022 rs.webp 6287261b5d30b.png qpert
20%
2024 fr.webp 65bcd114c4afa.png sabAAA
20%
2024 tr.webp 65bcd114c4afa.png TheNightChe
20%
2022 lt.webp 6466d79e1ed40.png vakk
20%
2023 ie.webp 63c7032bf00b6.png Alyx
16%
2022 ua.webp 678fd74d8cf14.png arch
16%
2025 tr.webp 662898a4036c4.png BALLI
16%
2022 gb.webp 626ab49e6c7f1.png Br0die
16%
2026 hu.webp 695c9a43ce06e.png Chadi
16%
2022 / 2023 / 2024 fr.webp 63b56ed523324.png 635b8c71e318f.png 642aa6240dae6.png DarkLight
16%
2022 fr.webp 602ab8b8cc70b.png fxy0
16%
2022 ru.webp 63b56ed523324.png hvoya
16%
2025 gb-wls.webp 652e930a3b8c2.png Hyperzxz
16%
2022 gb.webp 678fd74d8cf14.png keiko
16%
2025 / 2026 pl.webp 695c9c861fe80.png Kozok
16%
2023 fr.webp 635b8c71e318f.png Mercure
16%
2022 pl.webp 61be14c08f001.png Mickebwoy
16%
2023 gb.webp 625b9429b5069.png 63c7032bf00b6.png Monstrum
16%
2022 pl.webp 6287261b5d30b.png saiko
16%
2022 fr.webp 602ab8b8cc70b.png uNKOE
16%
2022 / 2023 fr.webp 63b56ed523324.png 63c4317bb74a6.png BaWaN
12%
2025 nl.webp 652e930a3b8c2.png derr
12%
2022 fr.webp 621c977d64183.png djaz
12%
2023 fr.webp 642aa6240dae6.png elemeNt
12%
2025 lt.webp 662898a4036c4.png Kajuks
12%
2022 gb.webp 626ab49e6c7f1.png KRAY
12%
2022 fr.webp 602ab8b8cc70b.png LaAw
12%
2025 fr.webp 6873c999c300f.png Nuevo
12%
2023 dk.webp 63c7032bf00b6.png ri4d
12%
2023 fr.webp 635b8c71e318f.png SKAZZ
12%
2023 fr.webp 63c7032bf00b6.png Slurpy
12%
2023 fr.webp 63c4317bb74a6.png B1GGY
8%
2023 fr.webp 63c4317bb74a6.png blitzeN
8%
2023 fr.webp 63c4317bb74a6.png bRAAHH
8%
2022 fr.webp 621c977d64183.png GillianH
8%
2023 fr.webp 6599526db80f1.png hrZXv3
8%
2022 / 2023 fr.webp 678fd74d8cf14.png 63b56ed523324.png 6599526db80f1.png Jakexd
8%
2023 fr.webp 63c4317bb74a6.png M4CHINA
8%
2023 be.webp 63c7032bf00b6.png MaximN
8%
2024 ru.webp 655b561ac3306.png pa1ka
8%
2022 fr.webp 63b56ed523324.png Ridder
8%
2022 se.webp 6466d79e1ed40.png ShadoW
8%
2024 tr.webp 65bcd114c4afa.png VuexLex
8%
2023 gb.webp 625b9429b5069.png waddle
8%
2023 be.webp 63c7032bf00b6.png dash
4%
2022 / 2023 fr.webp 63b56ed523324.png 63c4317bb74a6.png Kiiyo
4%
2022 be.webp 621c977d64183.png Vbbooy
4%
2025 pl.webp 63a53368d2675.png xiTsha
4%
2023 fr.webp 63c4317bb74a6.png mshz
0%
No matching quizzes found
Score Distribution
Percent of People with Each Score
Percentile by Number Answered
Your Score History
You have not taken this quiz since the last reset